[Event "Rishon Le Ziyyon-ch U18"]
[Site "Rishon Le Ziyyon"]
[Date "2023.04.03"]
[Round "8"]
[White "Qasem, Huda"]
[Black "Bazavluk, Vari"]
[Result "1-0"]
[WhiteElo "1879"]
[BlackElo "1024"]
[PlyCount "61"]
[EventDate "2023.03.28"]
[EventType "swiss"]
[EventRounds "9"]
[EventCountry "ISR"]
[SourceTitle "CBM 213 Extra"]
[Source "ChessBase"]
[SourceDate "2023.05.31"]
[SourceVersion "1"]
[SourceVersionDate "2023.05.31"]
[SourceQuality "1"]

1. e4 e5 2. Nf3 Nc6 3. Bb5 Nge7 4. d4 exd4 5. Nxd4 g6 6. Nxc6 Nxc6 7. Bd2 Bg7 8. Bc3 0-0 9. Bxg7 Kxg7 10. Nc3 d6 11. Qd2 Be6 12. h4 Qf6 13. 0-0-0 Rad8 14. Kb1 Ne7 15. Qe3 a6 16. Be2 Nc6 17. f4 Rde8 18. g4 Kh8 19. h5 Qg7 20. Qd2 Kg8 21. f5 Bd7 22. hxg6 fxg6 23. Rh6 Re7 24. Bc4+ Kh8 25. fxg6 Qe5 26. Rdh1 Qg7 27. Rxh7+ Qxh7 28. gxh7 Rxh7 29. Rxh7+ Kxh7 30. Qh2+ Kg7 31. g5 1-0